000 00242nam a2200097Ia 4500
005 20251222114414.0
008 251222s1900||||xx |||||||||||||| ||spa||
082 _aDVD0070/S78/2005/Ej.2
245 4 _aThe reading room:Sala de lectura
942 _cDVD
999 _c2150
_d2150